000 00724nam a2200289Ia 4500
005 20260324112552.0
008 008 260324s9999 xx 000 0 eng d
020 _a9781003318385
037 _aEBOOK
040 _aCRL
040 _beng
040 _cCRL
041 _2eng
041 _aeng
084 _qCRL
100 _aPeng Du; Kheir Al-Kodmany; Mir M. Ali
_91143245
245 4 _aThe Routledge Handbook on Greening High-Density Cities
245 0 _bClimate, Society and Health
260 _bTaylor and Francis
260 _c2024
365 _a
365 _b360
856 _uhttp://www.taylorfrancis.com/books/9781003318385
942 _cEBOOK
999 _c1732498
_d1732498